000 01186nam a2200325 a 4500
001 000113845
003 CHAP
005 20220329144415.0
008 170929s2017 mx a fsm |||||||spa d
010 _a110306
011 _a111278
040 _cCHAP
090 _aTesis
100 1 _aQuintero Campos, Adán
_9133554
245 1 0 _aEstudio hidrogeológico del municipio de Doctor Mora, Guanajuato /
_h[En línea]
_cpor Adán Quintero Campos.
260 _aChapingo, Méx. :
_bEl autor,
_c2017.
500 _aPara ver el contenido del material haga clic en la liga
502 _aTesis (Ingeniero en Irrigación) -- UACH. Departamento de Irrigación
590 _aBATCH-UPD
_b05
_c20170929
_lUCH01
_h1437
590 _aE8697GMM
_b05
_c20170929
_lUCH01
_h1327
590 _aE8697GMM
_b05
_c20170929
_lUCH01
_h1436
650 1 4 _aAgua subterranea
_xAprovechamiento
_zGuanajuato.
_9133556
650 1 4 _aAgua subterranea
_xDistribución
_zGuanajuato.
_9133555
650 1 4 _aHidrología
_zGuanajuato.
_9133557
650 1 4 _aPozos Profundos
_xGuanajuato.
_991213
856 _aFinding aid
_uhttp://10.13.5.2/tesis/sist113845.pdf
_zTeclea aquí
901 _aBK
942 _cTESIS
942 _n0
999 _c110306
_d110306